Culture Générale - Série 2706 - Statistiques

Statistiques générales
  • Ce quiz a été pris 62 fois
  • Le résultat moyen est 4 sur 10
Statistiques - réponses
Question Réponse % Correct
Oiseau originaire d'Asie, de la taille d'un faisan, dont le mâle porte une longue queue ocellée qu'il redresse et déploie en éventail dans la parade paon
77%
A quelle saison est associé l'adjectif "vernal" ? printemps
75%
Enveloppe du petit pois ou familièrement "paresse" cosse
58%
Dans quelle ville autre que Paris peut-on visiter le musée du Louvre inauguré en 2012 ? Lens
43%
Petit vautour répandu dans l'Amérique tropicale. - 5 lettres commençant par "u" - voir photo urubu
43%
Unité monétaire qui a eu cours dans la Grèce antique, puis dans l'Europe du Moyen Âge et particulièrement en France jusqu'à la Révolution - Modeste offrande, petite contribution en argent. obole
30%
Qui a écrit "Zazie dans le métro" en 1959 ? prénom et nom Raymond Queneau
30%
Partie ligneuse sur laquelle sont accrochés les fruits de la vigne - Arrestation massive opérée à l'improviste par la police. rafle
28%
Café, cabaret sordide, sale, mal fréquenté. 5 lettres commençant par "b" bouge
23%
Quel écrivain (1868-1927) est le créateur de Joseph Rouletabille, jeune apprenti reporter à l'intelligence déductive hors du commun ? - prénom et nom Gaston Leroux
13%
Aucun quiz correspondant
Distribution des résultats
% des personnes avec chaque résultat
Percentile par nombre de réponses
Votre historique - résultats
Vous n’avez pas pris ce quiz